| 000 | 00526 a2200193 4500 | ||
|---|---|---|---|
| 003 | OSt | ||
| 005 | 20180116182922.0 | ||
| 008 | 160909b xxu||||| |||| 00| 0 eng d | ||
| 020 | _a969519107x | ||
| 040 | _c0 | ||
| 082 | _a181.5 NAS 2005 | ||
| 100 | _aNasr,S.H. | ||
| 245 |
_aAn Anthology of Philosophy in Persia. _cS.H.Nasr. |
||
| 260 |
_aLahore. _bSuhail Academy. _c2005. |
||
| 300 |
_a434p. _bHB |
||
| 440 |
_aAn Anthology of Philosophy in Persia. _vi |
||
| 500 | _aHard cover. | ||
| 942 |
_aNBS _cBK _k181.5 NAS 2005 _2ddc |
||
| 999 |
_c348499 _d348499 |
||